Statistics for Most Forgotten U.S. States

Click here to take the quiz!

General Stats

  • This quiz has been taken 104 times
    (67 since last reset)
  • The average score is 7 of 10

Answer Stats

#State% Correct
2Rhode Island
90%
8Vermont
85%
1Delaware
84%
9Nebraska
80%
4Connecticut
79%
6Indiana
72%
5West Virginia
72%
7Wisconsin
61%
10Kentucky
59%
3Massachusetts
57%

Score Distribution

Percentile by Number Answered

Percent of People with Each Score

Your Score History

You have not taken this quiz since the last reset